000 00362nam a2200145Ia 4500
008 130318s9999 xx 000 0 und d
020 _a8120307496
082 _a005.432U STE/U
100 _aStevens, W Richard
245 _aUnix network programming
260 _bPHI Learning
_aNew Delhi
_c2000
300 _a772
650 _aNETWORK PROGRAMMING
650 _aUNIX
999 _c396
_d396